[Event "HUN-chT2 Barcza 0405"]
[Site "Hungary"]
[Date "2004.10.10"]
[Round "2"]
[White "Biro, Gyula"]
[Black "Szathmari, Gabor"]
[Result "1/2-1/2"]
[WhiteElo "2131"]
[BlackElo "2084"]
[PlyCount "27"]
[EventDate "2004.09.26"]
[EventType "team"]
[EventRounds "11"]
[EventCountry "HUN"]
[SourceTitle "EXT 2009"]
[Source "ChessBase"]
[SourceDate "2008.11.26"]
[SourceVersion "1"]
[SourceVersionDate "2008.11.26"]
[SourceQuality "1"]
[WhiteTeam "DEAC"]
[BlackTeam "Puspokladany"]
[WhiteTeamCountry "HUN"]
[BlackTeamCountry "HUN"]

1. e4 c5 2. Nf3 d6 3. d4 cxd4 4. Nxd4 Nf6 5. Nc3 g6 6. Be3 Bg7 7. f3 0-0 8. Qd2 Nc6 9. Bc4 Nxd4 10. Bxd4 Be6 11. Bxe6 fxe6 12. 0-0-0 Qa5 13. Kb1 Rac8 14. h4 1/2-1/2

[Event "HUN-chT2 0102"]
[Site "Hungary"]
[Date "2001.12.02"]
[Round "4"]
[White "Biro, Gyula"]
[Black "Hidegh, Gabor"]
[Result "0-1"]
[WhiteElo "2140"]
[BlackElo "2063"]
[PlyCount "146"]
[EventDate "2001.??.??"]
[EventType "team"]
[EventRounds "11"]
[EventCountry "HUN"]
[SourceTitle "EXT 2004"]
[Source "ChessBase"]
[SourceDate "2003.11.25"]
[SourceVersion "1"]
[SourceVersionDate "2003.11.25"]
[SourceQuality "1"]

1. e4 c5 2. Nf3 Nc6 3. d4 cxd4 4. Nxd4 Nf6 5. Nc3 e5 6. Ndb5 d6 7. Bg5 a6 8. Na3 b5 9. Nd5 Be7 10. Bxf6 Bxf6 11. c3 Rb8 12. Nc2 Bg5 13. Bd3 0-0 14. 0-0 Be6 15. Nce3 Ne7 16. Qe2 Bxd5 17. Nxd5 Nxd5 18. exd5 f5 19. a4 e4 20. Bc2 b4 21. Qxa6 bxc3 22. bxc3 Rb2 23. Bd1 f4 24. f3 Qc7 25. fxe4 Qxc3 26. Bf3 Qc5+ 27. Kh1 Rc8 28. Bg4 Rf8 29. Rac1 Qb4 30. Rc8 Bd8 31. Bf3 Rb1 32. Rcc1 Rb3 33. Qb5 Bf6 34. Qxb4 Rxb4 35. a5 Ra8 36. Rc6 Be5 37. a6 Ra4 38. Be2 Rxe4 39. Bc4 g5 40. h3 h5 41. Rb1 Kf7 42. Kg1 g4 43. Kf1 g3 44. Re1 Rxc4 45. Rxc4 Rxa6 46. Rec1 Ra5 47. Ke2 Kf6 48. Rc8 Kf5 49. Rd1 Ra4 50. Rd3 Ke4 51. Rd2 Bd4 52. Rg8 Kxd5 53. Rg5+ Ke4 54. Rxh5 Ra1 55. Rh6 d5 56. Re6+ Be5 57. h4 Rg1 58. Rxe5+ Kxe5 59. Kf3 Rf1+ 60. Kg4 Ke4 61. h5 d4 62. Re2+ Kd3 63. Re7 Rh1 64. Kxf4 Rxh5 65. Kxg3 Rf5 66. Kh4 Kc2 67. g4 Rf3 68. g5 d3 69. Rd7 d2 70. Rxd2+ Kxd2 71. Kh5 Ke3 72. g6 Kf4 73. g7 Kf5 0-1

[Event "HUN-chT2 0102"]
[Site "Hungary"]
[Date "2001.11.18"]
[Round "3"]
[White "Imecs, Laszlo"]
[Black "Biro, Gyula"]
[Result "0-1"]
[WhiteElo "2189"]
[BlackElo "2140"]
[PlyCount "110"]
[EventDate "2001.??.??"]
[EventType "team"]
[EventRounds "11"]
[EventCountry "HUN"]
[SourceTitle "EXT 2004"]
[Source "ChessBase"]
[SourceDate "2003.11.25"]
[SourceVersion "1"]
[SourceVersionDate "2003.11.25"]
[SourceQuality "1"]

1. e4 c5 2. Nf3 d6 3. d4 cxd4 4. Nxd4 Nf6 5. Nc3 a6 6. Be2 e5 7. Nb3 Be6 8. 0-0 Be7 9. Bf3 0-0 10. Be3 Nbd7 11. Re1 b5 12. a3 Qc7 13. g4 Nb6 14. Bxb6 Qxb6 15. Nd2 Qd4 16. Qe2 h6 17. Rad1 b4 18. axb4 Qxb4 19. Rb1 a5 20. Nd5 Nxd5 21. exd5 Bd7 22. c3 Qf4 23. Qe3 Qxe3 24. fxe3 f5 25. gxf5 Bxf5 26. e4 Bg6 27. Rf1 Rf4 28. Bg2 Rg4 29. h3 Rh4 30. Rbe1 a4 31. Nc4 Rb8 32. Rf2 Be8 33. Ne3 g6 34. Kh2 Kg7 35. Ng4 Bg5 36. Rc2 Bf4+ 37. Kg1 Bd7 38. Nf2 Rf8 39. c4 Rc8 40. Ree2 Rc7 41. Rc3 Rc8 42. Rec2 Kf8 43. Bf1 Ke7 44. Kg2 g5 45. Be2 h5 46. c5 dxc5 47. Rxc5 Rxc5 48. Rxc5 g4 49. hxg4 hxg4 50. Nd3 Rh2+ 51. Kf1 g3 52. Nxf4 exf4 53. Rc3 Bh3+ 54. Ke1 Rh1+ 55. Kd2 g2 0-1

[Event "HUN-chT2 Maroczy 0001"]
[Site "Hungary"]
[Date "2001.04.08"]
[Round "10"]
[White "Herpai, Jozsef"]
[Black "Biro, Gyula"]
[Result "1/2-1/2"]
[WhiteElo "2226"]
[BlackElo "2153"]
[PlyCount "54"]
[EventDate "2000.11.26"]
[EventType "team"]
[EventRounds "11"]
[EventCountry "HUN"]
[SourceTitle "EXT 2007"]
[Source "ChessBase"]
[SourceDate "2006.11.23"]
[SourceVersion "1"]
[SourceVersionDate "2006.11.23"]
[SourceQuality "1"]
[WhiteTeam "Szeged Portal"]
[BlackTeam "Debrecen Nyomdasz"]
[WhiteTeamCountry "HUN"]
[BlackTeamCountry "HUN"]

1. c4 e5 2. g3 Nf6 3. Bg2 Bc5 4. Nf3 e4 5. Ng1 0-0 6. Nh3 c6 7. 0-0 d5 8. d4 exd3 9. Qxd3 d4 10. Nd2 a5 11. Nb3 Ba7 12. Bg5 a4 13. Nd2 h6 14. Bxf6 Qxf6 15. Qa3 Re8 16. Nf4 g5 17. Nd3 Bf5 18. Rae1 Nd7 19. b4 axb3 20. axb3 Qg6 21. b4 Bb6 22. Qb3 Re7 23. Nf3 c5 24. bxc5 Nxc5 25. Nxc5 Bxc5 26. Qb5 Rc8 27. Rd1 Rxe2 1/2-1/2

[Event "HUN-chT2 Maroczy 0001"]
[Site "Hungary"]
[Date "2000.12.03"]
[Round "2"]
[White "Medvegyne Balogh, Emese"]
[Black "Biro, Gyula"]
[Result "1/2-1/2"]
[WhiteElo "1966"]
[BlackElo "2153"]
[PlyCount "106"]
[EventDate "2000.11.26"]
[EventType "team"]
[EventRounds "11"]
[EventCountry "HUN"]
[SourceTitle "EXT 2007"]
[Source "ChessBase"]
[SourceDate "2006.11.23"]
[SourceVersion "1"]
[SourceVersionDate "2006.11.23"]
[SourceQuality "1"]
[WhiteTeam "Sarospatak II"]
[BlackTeam "Debrecen Nyomdasz"]
[WhiteTeamCountry "HUN"]
[BlackTeamCountry "HUN"]

1. e4 c5 2. Nc3 Nc6 3. d3 g6 4. Be3 d6 5. d4 cxd4 6. Bxd4 Nxd4 7. Qxd4 e5 8. Qe3 Nf6 9. Bc4 Be7 10. Nge2 0-0 11. Ng3 Be6 12. Bxe6 fxe6 13. 0-0 a6 14. a4 Qc7 15. Rad1 Rad8 16. Rd3 Qc6 17. h3 b5 18. axb5 axb5 19. Rc1 Nd7 20. Qd2 Nc5 21. Rf3 Rxf3 22. gxf3 Rf8 23. Kg2 Kg7 24. Na2 Na6 25. Rd1 Rc8 26. c3 Qc4 27. Nc1 Nc5 28. Nge2 Nd7 29. b3 Qc6 30. Na2 Nc5 31. Nb4 Qb7 32. Qc2 Ra8 33. Rb1 Rc8 34. Ng3 Na6 35. Nd3 Qc7 36. Rc1 Bg5 37. Ra1 Qxc3 38. Qxc3 Rxc3 39. Nxe5 Nc7 40. Ng4 Rxb3 41. Ra7 Rc3 42. Ne2 Rc4 43. f4 Bd8 44. Ne3 Ra4 45. Rb7 Kf8 46. Nc3 Rb4 47. f5 gxf5 48. exf5 exf5 49. Nxf5 d5 50. Nd6 d4 51. Ncxb5 Nxb5 52. Rxb5 Rxb5 53. Nxb5 Bb6 1/2-1/2

[Event "HUN-chT2 9900"]
[Site "Hungary"]
[Date "1999.11.21"]
[Round "5"]
[White "Horvath, Zoltan2222"]
[Black "Biro, Gyula"]
[Result "0-1"]
[WhiteElo "2131"]
[BlackElo "2151"]
[PlyCount "84"]
[EventDate "1999.09.26"]
[EventType "team"]
[EventRounds "11"]
[EventCountry "HUN"]
[SourceTitle "EXT 2002"]
[Source "ChessBase"]
[SourceDate "2001.11.25"]
[SourceVersion "1"]
[SourceVersionDate "2001.11.25"]
[SourceQuality "1"]

1. e4 c5 2. Nf3 d6 3. d4 cxd4 4. Nxd4 Nf6 5. Nc3 a6 6. Be2 e5 7. Nb3 Be6 8. Bf3 Be7 9. 0-0 b5 10. Be3 Nbd7 11. Nd5 Nxd5 12. exd5 Bf5 13. Qd2 a5 14. a4 b4 15. Be2 0-0 16. c3 bxc3 17. bxc3 Qc7 18. Bb5 Nc5 19. Nxc5 dxc5 20. c4 Bd6 21. f4 e4 22. Rab1 Rab8 23. Bc6 Rb4 24. Bb5 Bd7 25. Qc2 Bxb5 26. axb5 f5 27. g3 Rxb1 28. Rxb1 Qb6 29. Ra1 Ra8 30. Bd2 Be7 31. Bc3 Bf6 32. Be5 Bxe5 33. fxe5 Qc7 34. Qb2 a4 35. b6 Qb8 36. Rf1 a3 37. Qa1 Qxb6 38. Rxf5 Qb2 39. Rf1 e3 40. e6 e2 41. Re1 Qxa1 42. Rxa1 Rf8 0-1

[Event "HUN-chT2"]
[Site "Hungary"]
[Date "1997.??.??"]
[Round "?"]
[White "Kakuk, Sandor"]
[Black "Biro, Gyula"]
[Result "1-0"]
[WhiteElo "2210"]
[BlackElo "2195"]
[PlyCount "57"]
[EventDate "1997.??.??"]
[EventType "team-swiss"]
[EventRounds "13"]
[EventCountry "HUN"]
[SourceTitle "EXT 2006"]
[Source "ChessBase"]
[SourceDate "2005.11.24"]
[SourceVersion "1"]
[SourceVersionDate "2005.11.24"]
[SourceQuality "1"]

1. e4 c5 2. Nf3 d6 3. d4 cxd4 4. Nxd4 Nf6 5. Nc3 a6 6. Bg5 e6 7. f4 Be7 8. Qf3 Qc7 9. 0-0-0 Nbd7 10. Bd3 Nc5 11. Rhe1 b5 12. e5 Bb7 13. Qg3 dxe5 14. fxe5 Nh5 15. Qh4 g6 16. Bxb5+ axb5 17. Ndxb5 Bxg5+ 18. Qxg5 Qe7 19. Qh6 Qh4 20. g3 Qg4 21. Rd4 Qf3 22. g4 Ke7 23. gxh5 Qxh5 24. Qe3 Na6 25. Red1 Rhd8 26. Rxd8 Rxd8 27. Rxd8 Kxd8 28. Qb6+ Ke8 29. Nd6+ 1-0

[Event "HUN-chT2"]
[Site "Hungary"]
[Date "1996.??.??"]
[Round "2"]
[White "Biro, Gyula"]
[Black "Purkald, Mihaly"]
[Result "1-0"]
[WhiteElo "2210"]
[BlackElo "2235"]
[PlyCount "131"]
[EventDate "1996.??.??"]
[EventType "team"]
[EventRounds "13"]
[EventCountry "HUN"]
[SourceTitle "EXT 2006"]
[Source "ChessBase"]
[SourceDate "2005.11.24"]
[SourceVersion "1"]
[SourceVersionDate "2005.11.24"]
[SourceQuality "1"]

1. e4 e5 2. Nf3 Nc6 3. Bb5 a6 4. Ba4 Nf6 5. 0-0 Be7 6. Re1 b5 7. Bb3 d6 8. c3 Bg4 9. h3 Bh5 10. d3 0-0 11. Nbd2 Nb8 12. Nf1 Nbd7 13. d4 c5 14. Ng3 Bg6 15. Bc2 Rc8 16. dxe5 dxe5 17. Nh4 Qc7 18. Nhf5 Rfe8 19. h4 Bxf5 20. Nxf5 Bf8 21. g4 Kh8 22. g5 Ng8 23. h5 f6 24. g6 h6 25. Be3 Nb6 26. b3 Rcd8 27. Qe2 Rd7 28. Red1 Red8 29. Rxd7 Rxd7 30. Rd1 Ne7 31. Nxe7 Bxe7 32. Qg4 Rxd1+ 33. Bxd1 Bd6 34. Qe6 Qe7 35. Qxe7 Bxe7 36. Bg4 Kg8 37. Be6+ Kf8 38. Kf1 Na8 39. c4 b4 40. Ke2 Bd6 41. Bd5 Nc7 42. Kf3 a5 43. Kg4 Ne8 44. Kf5 Ke7 45. f3 Nc7 46. Bf7 Kf8 47. Bxh6 gxh6 48. Kxf6 Be7+ 49. Kxe5 Kg7 50. Kf5 Bf6 51. e5 Be7 52. Ke4 Bg5 53. f4 Bh4 54. f5 Bg5 55. f6+ Bxf6 56. exf6+ Kxf6 57. Bd5 Ne8 58. Bc6 Ng7 59. Kd5 Nxh5 60. Kxc5 Nf4 61. Kb5 h5 62. g7 Kxg7 63. Kxa5 Nd3 64. Be4 Nc1 65. c5 Kf6 66. c6 1-0

[Event "HUN-chT2"]
[Site "Hungary"]
[Date "1996.??.??"]
[Round "1"]
[White "Comp MChess Pro"]
[Black "Biro, Gyula"]
[Result "1/2-1/2"]
[WhiteElo "2135"]
[BlackElo "2210"]
[PlyCount "47"]
[EventDate "1996.??.??"]
[EventType "team"]
[EventRounds "13"]
[EventCountry "HUN"]
[SourceTitle "EXT 2006"]
[Source "ChessBase"]
[SourceDate "2005.11.24"]
[SourceVersion "1"]
[SourceVersionDate "2005.11.24"]
[SourceQuality "1"]

1. e4 c5 2. Nc3 Nc6 3. g3 g6 4. Bg2 Bg7 5. d3 e6 6. Be3 d6 7. Qd2 Nd4 8. Nd1 h5 9. c3 Nc6 10. Ne2 Nge7 11. h4 0-0 12. Bh6 d5 13. g4 hxg4 14. h5 Ne5 15. hxg6 N7xg6 16. Bxg7 Kxg7 17. d4 Nf3+ 18. Bxf3 gxf3 19. Qh6+ Kf6 20. Nf4 dxe4 21. Nxg6 fxg6 22. Qf4+ Kg7 23. Qh6+ Kf6 24. Qf4+ 1/2-1/2

[Event "HUN-chT2 9596"]
[Site "Hungary"]
[Date "1996.??.??"]
[Round "9"]
[White "Gara, Ticia"]
[Black "Biro, Gyula"]
[Result "1/2-1/2"]
[WhiteElo "2005"]
[BlackElo "2210"]
[PlyCount "87"]
[EventDate "1995.??.??"]
[EventType "team"]
[EventRounds "11"]
[EventCountry "HUN"]
[SourceTitle "EXT 2000"]
[Source "ChessBase"]
[SourceDate "1999.11.16"]
[SourceVersion "1"]
[SourceVersionDate "1999.11.16"]
[SourceQuality "1"]

1. e4 c5 2. Nf3 d6 3. d4 cxd4 4. Nxd4 Nf6 5. Nc3 a6 6. Bc4 e6 7. Bb3 b5 8. 0-0 b4 9. Na4 Nxe4 10. Re1 d5 11. f4 Be7 12. f5 exf5 13. Qf3 g6 14. Bh6 Be6 15. Bg7 Rg8 16. Be5 Bd6 17. Bxd6 Qxd6 18. Rad1 Nd7 19. c3 bxc3 20. Nxc3 Ndf6 21. Nxe4 Nxe4 22. Rc1 Qb6 23. Red1 Ke7 24. Rc6 Qa7 25. h3 Rac8 26. Kh2 Rge8 27. Qe2 Kf8 28. Rxa6 Qb8+ 29. Kg1 Qf4 30. Nf3 Rc1 31. Ne1 Rxd1 32. Bxd1 d4 33. Nd3 Qe3+ 34. Qxe3 dxe3 35. Rc6 Rd8 36. Be2 Ng3 37. Nf4 Nxe2+ 38. Nxe2 Rd2 39. Nf4 Rxb2 40. Nxe6+ fxe6 41. Rxe6 e2 42. a4 Ra2 43. Kf2 Rxa4 44. Rxe2 1/2-1/2

[Event "HUN-chT2 9596"]
[Site "Hungary"]
[Date "1996.??.??"]
[Round "11"]
[White "Simo, Judit"]
[Black "Biro, Gyula"]
[Result "1-0"]
[WhiteElo "2065"]
[BlackElo "2210"]
[PlyCount "73"]
[EventDate "1995.??.??"]
[EventType "team"]
[EventRounds "11"]
[EventCountry "HUN"]
[SourceTitle "EXT 2000"]
[Source "ChessBase"]
[SourceDate "1999.11.16"]
[SourceVersion "1"]
[SourceVersionDate "1999.11.16"]
[SourceQuality "1"]

1. e4 c5 2. Nf3 d6 3. d4 cxd4 4. Nxd4 Nf6 5. Nc3 a6 6. Bc4 e6 7. Bb3 Be7 8. 0-0 b5 9. a3 0-0 10. f4 Bb7 11. e5 dxe5 12. fxe5 Nd5 13. Ne4 Qc7 14. Bxd5 Bxd5 15. Nf6+ gxf6 16. exf6 Kh8 17. fxe7 Qxe7 18. Nf5 Qf6 19. Ne3 Qe5 20. Nxd5 exd5 21. Bh6 Rg8 22. Rxf7 Nc6 23. Bf4 Qe4 24. Bg3 Rg4 25. c3 d4 26. Qf1 Kg8 27. Re1 Qd5 28. Rf5 Qd7 29. Qf3 Rg6 30. Rd5 Qg7 31. cxd4 Nxd4 32. Qd3 Rg4 33. Re4 Rc8 34. Rexd4 Rc1+ 35. Kf2 Qf6+ 36. Ke3 Qe7+ 37. Kd2 1-0

[Event "HUN-chT2 9596"]
[Site "Hungary"]
[Date "1995.??.??"]
[Round "5"]
[White "Petro, Jozsef"]
[Black "Biro, Gyula"]
[Result "1/2-1/2"]
[WhiteElo "2170"]
[BlackElo "2210"]
[PlyCount "124"]
[EventDate "1995.??.??"]
[EventType "team"]
[EventRounds "11"]
[EventCountry "HUN"]
[SourceTitle "EXT 2000"]
[Source "ChessBase"]
[SourceDate "1999.11.16"]
[SourceVersion "1"]
[SourceVersionDate "1999.11.16"]
[SourceQuality "1"]

1. f4 d5 2. Nf3 Nf6 3. g3 c5 4. Bg2 Nc6 5. 0-0 e6 6. d3 Be7 7. Qe1 b6 8. h3 Bb7 9. g4 Qc7 10. Na3 a6 11. e4 dxe4 12. dxe4 b5 13. c4 b4 14. Nc2 Nd4 15. Ncxd4 cxd4 16. Ne5 Nd7 17. Nxd7 Qxd7 18. Bd2 Rc8 19. b3 a5 20. Qg3 0-0 21. f5 Rfe8 22. Rad1 Bd6 23. Qf3 Be5 24. g5 exf5 25. Qxf5 Qxf5 26. Rxf5 f6 27. gxf6 gxf6 28. Bf3 Kg7 29. Kf2 Rg8 30. Rg1+ Kh8 31. Rg4 Rxg4 32. hxg4 Rc5 33. Ke2 Bc8 34. Rh5 Bd6 35. Rxc5 Bxc5 36. Bf4 Bb6 37. Kd3 Kg7 38. Bg3 Kg6 39. Bf2 Kg5 40. Bxd4 Bc7 41. Be3+ Kh4 42. c5 Bxg4 43. Bxg4 Kxg4 44. Bh6 Kh5 45. Bf8 Kg6 46. Kc4 h5 47. Kd5 h4 48. Bd6 Bxd6 49. cxd6 Kf7 50. Kc6 h3 51. d7 h2 52. d8Q h1Q 53. Qd7+ Kg6 54. Qf5+ Kg7 55. Kb5 Qg2 56. Kxa5 Qxa2+ 57. Kxb4 Qd2+ 58. Kb5 Qe2+ 59. Kc6 Qc2+ 60. Kd6 Qxb3 61. Qg4+ Kf7 62. Qd7+ Kg6 1/2-1/2